[Event "Schachfestival 2014 - Senioren"]
[Site "Woerishofen Bad"]
[Date "2014.03.23"]
[Round "3.16"]
[White "Goris Schouwstra, Adri"]
[Black "Boettcher, Ulrich"]
[Result "1/2-1/2"]
[WhiteElo "1886"]
[BlackElo "2078"]
[PlyCount "43"]
[EventDate "2014.03.21"]
[EventType "swiss"]
[EventCountry "GER"]

1. d4 c5 2. d5 e5 3. e4 d6 4. c4 f5 5. f3 Nf6 6. exf5 Bxf5 7. Bg5 Be7 8. Bxf6
Bxf6 9. Nc3 O-O 10. Bd3 Bxd3 11. Qxd3 Bh4+ 12. g3 Bg5 13. Nge2 Na6 14. a3 Qd7
15. O-O Nc7 16. Kg2 Rab8 17. Ne4 Bh6 18. a4 Na6 19. N2c3 Nb4 20. Qe2 a6 21. b3
Qe7 22. Rad1 1/2-1/2

[Event "Schachfestival 2014 - Senioren"]
[Site "Woerishofen Bad"]
[Date "2014.03.23"]
[Round "3.31"]
[White "Mombelli, Antonio"]
[Black "Young, Melvyn Jack"]
[Result "1/2-1/2"]
[WhiteElo "1806"]
[BlackElo "1917"]
[PlyCount "41"]
[EventDate "2014.03.21"]
[EventType "swiss"]
[EventCountry "GER"]

1. e4 c5 2. c3 d6 3. d4 Nf6 4. Bd3 Nc6 5. Ne2 g6 6. O-O Bg7 7. f3 O-O 8. Be3
cxd4 9. cxd4 Nb4 10. Bb5 Bd7 11. Bxd7 Qxd7 12. a3 Nc6 13. Nbc3 e6 14. Rc1 Rac8
15. b4 Ne7 16. Qd2 d5 17. Bh6 Ne8 18. Bxg7 Kxg7 19. e5 f6 20. f4 f5 21. Rc2
1/2-1/2

[Event "Schachfestival 2014 - Senioren"]
[Site "Woerishofen Bad"]
[Date "2014.03.23"]
[Round "3.43"]
[White "Meinke, Dietlind"]
[Black "Eigenmann, Christina"]
[Result "1-0"]
[WhiteElo "1925"]
[BlackElo "1809"]
[PlyCount "91"]
[EventDate "2014.03.21"]
[EventType "swiss"]
[EventCountry "GER"]
[WhiteTeam "MTV Leck von 1889"]
[WhiteTeamCountry "GER"]

1. e4 c6 2. d4 d5 3. Nc3 dxe4 4. Nxe4 Nf6 5. Nxf6+ gxf6 6. Qd3 Bg7 7. Qg3 Kf8
8. Bf4 Qa5+ 9. Bd2 Qb6 10. O-O-O Be6 11. Qa3 a5 12. Ne2 f5 13. Kb1 Nd7 14. Be3
Qb4 15. Qxb4 axb4 16. b3 Nb6 17. Nf4 Rd8 18. Be2 Bd5 19. Nh5 Rg8 20. Rhg1 Ra8
21. g4 Be4 22. gxf5 Bxc2+ 23. Kxc2 Rxa2+ 24. Kd3 Nd5 25. Rxg7 Nxe3 26. Rxg8+
Kxg8 27. Kxe3 Rb2 28. Rd3 Kf8 29. Ng3 Ke8 30. Ne4 b6 31. Bf3 h6 32. Bh5 Rc2 33.
Rd2 Rc1 34. Rd1 Rc2 35. Kd3 Ra2 36. Kc4 Ra5 37. Bg4 Rd5 38. Kxb4 h5 39. Bxh5
Rxf5 40. Bg4 Rf4 41. f3 f5 42. Bh5+ Kd7 43. Ng3 Rh4 44. Bg6 e6 45. Nxf5 exf5
46. Bxf5+ 1-0

[Event "Schachfestival 2014 - Senioren"]
[Site "Woerishofen Bad"]
[Date "2014.03.23"]
[Round "3.9"]
[White "Ofstad, Per"]
[Black "Di Lazzaro, Gabriele"]
[Result "1/2-1/2"]
[WhiteElo "2164"]
[BlackElo "1936"]
[PlyCount "49"]
[EventDate "2014.03.21"]
[EventType "swiss"]
[EventCountry "GER"]
[WhiteTeam "Oslo Schakselskap"]
[WhiteTeamCountry "NOR"]

1. Nf3 d5 2. d4 Bg4 3. e3 Nf6 4. c4 c6 5. Qb3 Bxf3 6. gxf3 Qb6 7. Nc3 e6 8. Bd2
Nbd7 9. f4 Be7 10. Qxb6 axb6 11. b3 g6 12. Bd3 O-O 13. Ke2 Ra7 14. a4 Rfa8 15.
Rac1 Bb4 16. Nb1 Be7 17. Rhg1 dxc4 18. Rxc4 Ne8 19. Rc2 Ng7 20. Bc3 Bd6 21. Nd2
Nf6 22. Ne4 Nxe4 23. Bxe4 f5 24. Bd3 Kf7 25. Bd2 1/2-1/2

[Event "Schachfestival 2014 - Senioren"]
[Site "Woerishofen Bad"]
[Date "2014.03.23"]
[Round "3.25"]
[White "Ziltener, Werner"]
[Black "Kuenstler, Siegfried"]
[Result "1/2-1/2"]
[WhiteElo "2005"]
[BlackElo "1873"]
[PlyCount "55"]
[EventDate "2014.03.21"]
[EventType "swiss"]
[EventCountry "GER"]
[BlackTeam "SF Ravensburg"]
[BlackTeamCountry "GER"]

1. d4 f5 2. Nc3 Nf6 3. e4 fxe4 4. g4 g6 5. g5 Nh5 6. Nxe4 d5 7. Ng3 Ng7 8. Bd3
Nc6 9. c3 e5 10. dxe5 Nxe5 11. Qe2 Qe7 12. Bc2 Bg4 13. Qe3 Bf3 14. Nxf3 Nxf3+
15. Kf1 Qxe3 16. Bxe3 Ne6 17. h4 Bc5 18. Bxc5 Nxc5 19. Kg2 O-O 20. h5 Nxg5 21.
hxg6 Nce4 22. Nxe4 Nxe4 23. Bxe4 dxe4 24. Rxh7 Rf6 25. Rxc7 Rxg6+ 26. Kh1 Rh6+
27. Kg2 Rg6+ 28. Kh1 1/2-1/2

[Event "Schachfestival 2014 - Senioren"]
[Site "Woerishofen Bad"]
[Date "2014.03.23"]
[Round "3.57"]
[White "Koppenhoefer, Heinz"]
[Black "Westermayer, Johann"]
[Result "1-0"]
[WhiteElo "1710"]
[BlackElo "1643"]
[PlyCount "83"]
[EventDate "2014.03.21"]
[EventType "swiss"]
[EventCountry "GER"]
[WhiteTeam "TSV Solln Schachabteilung"]
[WhiteTeamCountry "GER"]

1. e4 c5 2. c4 d6 3. Nc3 g6 4. Nf3 Bg7 5. h3 Nf6 6. Be2 O-O 7. d3 Nc6 8. O-O
Nd7 9. Be3 Nde5 10. Qd2 Nxf3+ 11. Bxf3 Re8 12. a3 f5 13. Nd5 Ne5 14. Be2 Nf7
15. Rab1 e6 16. Nc3 Bd4 17. b4 Bxe3 18. Qxe3 Qf6 19. Nb5 Qe7 20. bxc5 dxc5 21.
e5 a6 22. Nc3 b6 23. f4 Qc7 24. Na4 Rb8 25. Rb2 Bd7 26. Nc3 Bc6 27. Rf2 Red8
28. Nb1 Ba8 29. Kh2 Rd7 30. g4 Nd8 31. Nc3 Nc6 32. Qg3 Nd4 33. Bd1 Rg7 34. g5
Rd7 35. Rbd2 Qb7 36. Qg1 Qc7 37. Kg3 Rbd8 38. Qf1 Nc6 39. h4 Rg7 40. Rh2 Bb7
41. h5 Rdd7 42. Rh4 1-0

[Event "Schachfestival 2014 - Senioren"]
[Site "Woerishofen Bad"]
[Date "2014.03.23"]
[Round "3.52"]
[White "Braeu, Emmi"]
[Black "Wawrinsky, Ludwig"]
[Result "0-1"]
[WhiteElo "1645"]
[BlackElo "1817"]
[PlyCount "66"]
[EventDate "2014.03.21"]
[EventType "swiss"]
[EventCountry "GER"]
[WhiteTeam "SK Marktoberdorf"]
[BlackTeam "1.Schachklub Neuperlach e.V."]
[WhiteTeamCountry "GER"]
[BlackTeamCountry "GER"]

1. g3 f5 2. c4 Nf6 3. Bg2 e6 4. Nf3 c5 5. O-O Nc6 6. d4 cxd4 7. Nxd4 Bc5 8.
Nxc6 dxc6 9. Qxd8+ Kxd8 10. Rd1+ Ke7 11. Bg5 h6 12. Bxf6+ Kxf6 13. Nc3 e5 14.
e4 g6 15. Rd3 Be6 16. b3 Rad8 17. Rad1 Rxd3 18. Rxd3 g5 19. exf5 Bxf5 20. Be4
Bd4 21. Bxf5 Kxf5 22. Ne2 Ke4 23. Rd2 Rf8 24. Nxd4 exd4 25. Kg2 d3 26. Kf1 Kd4
27. Ke1 Kc3 28. Kd1 g4 29. a3 Rd8 30. Kc1 Re8 31. Kd1 b6 32. b4 Kxc4 33. Rxd3
Kxd3 0-1

[Event "Schachfestival 2014 - Senioren"]
[Site "Woerishofen Bad"]
[Date "2014.03.23"]
[Round "3.23"]
[White "Klempt, Guenter"]
[Black "Rueggeberg, Wilhelm"]
[Result "1-0"]
[WhiteElo "2052"]
[BlackElo "1882"]
[PlyCount "61"]
[EventDate "2014.03.21"]
[EventType "swiss"]
[EventCountry "GER"]
[WhiteTeam "Bochumer Schachverein 02"]
[BlackTeam "Sfr.Saarburg-Trier"]
[WhiteTeamCountry "GER"]
[BlackTeamCountry "GER"]

1. d4 Nf6 2. c4 e6 3. Nf3 d5 4. Nc3 c6 5. Bg5 Be7 6. e3 Nbd7 7. Bd3 dxc4 8.
Bxc4 Nd5 9. Bxe7 Qxe7 10. O-O O-O 11. e4 Nf4 12. Qd2 Ng6 13. d5 cxd5 14. exd5
Nde5 15. Nxe5 Nxe5 16. Bb3 Rd8 17. Rfe1 Ng6 18. Qe3 Nf8 19. Rad1 Qf6 20. Rd2
Bd7 21. Ne4 Qg6 22. Bc2 b6 23. Red1 Qh5 24. Qg3 Qh6 25. h3 exd5 26. Rxd5 Qc6
27. R1d2 g6 28. Rd6 Qc7 29. Nf6+ Kg7 30. Qe5 Ne6 31. Ne8+ 1-0

[Event "Schachfestival 2014 - Senioren"]
[Site "Woerishofen Bad"]
[Date "2014.03.23"]
[Round "3.47"]
[White "Bartlitz, Heinz"]
[Black "Knollmueller, Peter"]
[Result "0-1"]
[WhiteElo "1750"]
[BlackElo "1853"]
[PlyCount "58"]
[EventDate "2014.03.21"]
[EventType "swiss"]
[EventCountry "GER"]
[WhiteTeam "Bramfelder SK 1947 e.V."]
[BlackTeam "SK Töging"]
[WhiteTeamCountry "GER"]
[BlackTeamCountry "GER"]

1. e4 Nf6 2. e5 Nd5 3. c4 Nb6 4. d4 d6 5. f4 dxe5 6. fxe5 Nc6 7. Bf4 Bf5 8. Nf3
e6 9. a3 Be7 10. Bd3 Nxd4 11. Nxd4 Qxd4 12. Bxf5 Qxf4 13. Bh3 Qxe5+ 14. Qe2
Qxe2+ 15. Kxe2 Nxc4 16. b3 Nd6 17. Nd2 O-O 18. Rac1 c6 19. a4 Rad8 20. g3 Bg5
21. Rc2 Bxd2 22. Rxd2 Ne4 23. Rc2 Rd4 24. Bg2 Rfd8 25. Bxe4 Rxe4+ 26. Kf3 f5
27. h3 Rd3+ 28. Kf2 Ree3 29. Rg1 Rf3+ 0-1

[Event "Schachfestival 2014 - Senioren"]
[Site "Woerishofen Bad"]
[Date "2014.03.23"]
[Round "3.50"]
[White "Langhoff, Wolfgang"]
[Black "Mircoli, Filippo"]
[Result "1/2-1/2"]
[WhiteElo "1820"]
[BlackElo "1674"]
[PlyCount "39"]
[EventDate "2014.03.21"]
[EventType "swiss"]
[EventCountry "GER"]
[WhiteTeam "SK Mannheim-Lindenhof 1865"]
[BlackTeam "Castelfidardo"]
[WhiteTeamCountry "GER"]
[BlackTeamCountry "ITA"]

1. e4 c5 2. c3 e6 3. d4 cxd4 4. cxd4 a6 5. Nf3 Nf6 6. Nc3 Bb4 7. Bd3 Nc6 8. O-O
O-O 9. Be3 d6 10. e5 dxe5 11. dxe5 Bxc3 12. bxc3 Nd5 13. Bxh7+ Kxh7 14. Ng5+
Kg6 15. Qd3+ f5 16. exf6+ Kxf6 17. Nh7+ Kf7 18. Ng5+ Kf6 19. Nh7+ Kf7 20. Ng5+
1/2-1/2

[Event "Schachfestival 2014 - Senioren"]
[Site "Woerishofen Bad"]
[Date "2014.03.23"]
[Round "3.44"]
[White "Collins, Alan"]
[Black "Schuler, Georg"]
[Result "1/2-1/2"]
[WhiteElo "1732"]
[BlackElo "1888"]
[PlyCount "53"]
[EventDate "2014.03.21"]
[EventType "swiss"]
[EventCountry "GER"]
[WhiteTeam "Cowley"]
[BlackTeam "SV Balingen"]
[WhiteTeamCountry "ENG"]
[BlackTeamCountry "GER"]

1. d4 Nf6 2. Nf3 d5 3. Bf4 e6 4. e3 c5 5. c3 Nc6 6. Bd3 c4 7. Bc2 Bd6 8. Bxd6
Qxd6 9. Nbd2 b5 10. e4 dxe4 11. Nxe4 Nxe4 12. Bxe4 Bb7 13. O-O O-O 14. Re1 f5
15. Bxc6 Bxc6 16. Ne5 Bd5 17. f4 Rf6 18. Re3 a5 19. a3 a4 20. Qd2 Ra7 21. Rg3
Rh6 22. Re1 g6 23. Ree3 Rg7 24. Qf2 Rh5 25. Rh3 Rxh3 26. Rxh3 Qe7 27. Rg3
1/2-1/2

[Event "Schachfestival 2014 - Senioren"]
[Site "Woerishofen Bad"]
[Date "2014.03.23"]
[Round "3.13"]
[White "Koenigl, Anton"]
[Black "Mittermaier, Walter"]
[Result "1/2-1/2"]
[WhiteElo "1917"]
[BlackElo "2104"]
[PlyCount "59"]
[EventDate "2014.03.21"]
[EventType "swiss"]
[EventCountry "GER"]
[WhiteTeam "FC Ergolding 1932 e.V."]
[BlackTeam "SAbt TSV Haunstetten"]
[WhiteTeamCountry "GER"]
[BlackTeamCountry "GER"]

1. d4 d5 2. Nf3 Nf6 3. e3 e6 4. Bd3 c5 5. b3 Nc6 6. Nbd2 Be7 7. Bb2 O-O 8. O-O
cxd4 9. exd4 Bd7 10. c3 Rc8 11. Rc1 Bd6 12. Re1 Bf4 13. Rc2 g6 14. g3 Bh6 15.
Ne5 Nxe5 16. dxe5 Nh5 17. Nf3 Qa5 18. Nd4 a6 19. a4 b5 20. Ba3 Rfe8 21. Bb4 Qb6
22. axb5 Bxb5 23. Bxb5 axb5 24. Qe2 Rb8 25. Ra1 Bf8 26. Ba5 Qb7 27. b4 Ng7 28.
g4 Rec8 29. Qd3 Rc4 30. h3 1/2-1/2

[Event "Schachfestival 2014 - Senioren"]
[Site "Woerishofen Bad"]
[Date "2014.03.23"]
[Round "3.17"]
[White "Hein, Manfred"]
[Black "Oser, Thor"]
[Result "1-0"]
[WhiteElo "2064"]
[BlackElo "1820"]
[PlyCount "49"]
[EventDate "2014.03.21"]
[EventType "swiss"]
[EventCountry "GER"]
[WhiteTeam "FC Gunzenhausen 1910 e.V"]
[BlackTeam "SK 1929 Jöhlingen"]
[WhiteTeamCountry "GER"]
[BlackTeamCountry "GER"]

1. e4 c5 2. Nf3 Nc6 3. c3 e6 4. Be2 Nge7 5. d4 cxd4 6. Nxd4 a6 7. Be3 d5 8.
exd5 Nxd4 9. Bxd4 exd5 10. f3 Be6 11. O-O Nf5 12. Bf2 Bd6 13. Re1 O-O 14. Nd2
Qg5 15. Nf1 Rad8 16. Bd3 h5 17. Bxf5 Qxf5 18. Qd4 g5 19. Rad1 h4 20. Qd3 Qxd3
21. Rxd3 Kh7 22. Red1 b5 23. Ne3 Bc5 24. Nxd5 Bxf2+ 25. Kxf2 1-0

[Event "Schachfestival 2014 - Senioren"]
[Site "Woerishofen Bad"]
[Date "2014.03.23"]
[Round "3.40"]
[White "Gulinelli, Euro"]
[Black "Fels, Karl Heinz"]
[Result "1-0"]
[WhiteElo "1579"]
[BlackElo "1882"]
[PlyCount "99"]
[EventDate "2014.03.21"]
[EventType "swiss"]
[EventCountry "GER"]
[WhiteTeam "Faenza"]
[BlackTeam "Stuttgarter SF 1879"]
[WhiteTeamCountry "ITA"]
[BlackTeamCountry "GER"]

1. e4 e5 2. Nf3 Nc6 3. Bb5 a6 4. Ba4 Nf6 5. O-O b5 6. Bb3 Be7 7. Re1 O-O 8. d4
d6 9. c3 exd4 10. cxd4 Na5 11. Nbd2 c5 12. e5 dxe5 13. dxe5 Nd5 14. Bxd5 Qxd5
15. Ne4 Bb7 16. Bf4 Rfd8 17. Nd6 Qxd1 18. Raxd1 Bxf3 19. gxf3 Nc6 20. Nf5 Bf8
21. Kh1 g6 22. Nd6 Nd4 23. Kg2 f6 24. Ne4 f5 25. Nd6 Ne6 26. Bc1 Ra7 27. Rd5
Rad7 28. Red1 Kg7 29. Ne8+ Rxe8 30. Rxd7+ Be7 31. Ra7 Kf7 32. Rdd7 f4 33. Rxa6
g5 34. b3 b4 35. Raa7 h6 36. Bb2 Nd8 37. Ba1 Nc6 38. Rab7 Ke6 39. Rd1 Rc8 40.
Bb2 Ra8 41. Rb6 Rc8 42. a4 bxa3 43. Bxa3 Kxe5 44. Re1+ Kf6 45. Bb2+ Kf7 46. Rb7
Kf8 47. Re6 Kf7 48. Rxh6 Ke8 49. Rh8+ Bf8 50. Bg7 1-0

[Event "Schachfestival 2014 - Senioren"]
[Site "Woerishofen Bad"]
[Date "2014.03.23"]
[Round "3.2"]
[White "Goy, Udo"]
[Black "Harsch, Martin"]
[Result "1-0"]
[WhiteElo "2178"]
[BlackElo "2013"]
[PlyCount "157"]
[EventDate "2014.03.21"]
[EventType "swiss"]
[EventCountry "GER"]
[WhiteTeam "Ford-Schachfreunde Köln e.V."]
[BlackTeam "Roche Basel"]
[WhiteTeamCountry "GER"]
[BlackTeamCountry "SUI"]

1. d4 d5 2. Nf3 Nf6 3. Bf4 c5 4. e3 Nc6 5. c3 Qb6 6. Qb3 c4 7. Qxb6 axb6 8. Be2
Bf5 9. Nbd2 e6 10. O-O h6 11. Rfe1 b5 12. a3 Be7 13. Ne5 O-O 14. h3 Rfc8 15. g4
Bh7 16. Bf3 Nxe5 17. Bxe5 Ne4 18. Rad1 f5 19. Bg2 Bh4 20. Nxe4 fxe4 21. Bd6 Rd8
22. Bc5 Rd7 23. Rd2 Bg6 24. Rb1 Be8 25. Re2 Rf7 26. Rf1 Bc6 27. f3 exf3 28.
Rxf3 Re8 29. Bd6 Rxf3 30. Bxf3 Bg5 31. Kg2 Kf7 32. Kg3 Bf6 33. h4 g6 34. Rf2
Kg7 35. Bf4 g5 36. hxg5 hxg5 37. Bd6 e5 38. Bxe5 Bxe5+ 39. dxe5 Rxe5 40. Re2
Kf6 41. Kf2 Re7 42. Re1 Rh7 43. Kg3 Re7 44. Bg2 Re8 45. Kf2 Kg6 46. Rd1 Re5 47.
Bf3 Kf6 48. Rh1 Kg7 49. Ke2 Re8 50. Rd1 Re5 51. Kd2 Kf6 52. Be2 Kg6 53. Rf1 Kg7
54. Bd1 Bd7 55. Rh1 Kg8 56. Rh6 Kg7 57. Rd6 Bc6 58. Bc2 Be8 59. Bf5 Kf8 60. Rd8
Kg7 61. Bd7 Bxd7 62. Rxd7+ Kf6 63. Rxb7 Re4 64. Rxb5 Ke5 65. Ke2 Rxg4 66. Kf3
Rh4 67. a4 Rh3+ 68. Kg4 Rxe3 69. Kxg5 Re1 70. Kg4 Ra1 71. Rb4 Kd6 72. Kf3 Kc5
73. Ke2 d4 74. Rb5+ Kc6 75. cxd4 Rxa4 76. Rb8 Ra2 77. Kd2 Kd5 78. Kc3 Ra4 79.
Rb5+ 1-0

[Event "Schachfestival 2014 - Senioren"]
[Site "Woerishofen Bad"]
[Date "2014.03.23"]
[Round "3.24"]
[White "Weber, Gerhard"]
[Black "Mentel, Juergen"]
[Result "0-1"]
[WhiteElo "1880"]
[BlackElo "2014"]
[PlyCount "52"]
[EventDate "2014.03.21"]
[EventType "swiss"]
[EventCountry "GER"]
[WhiteTeam "Schachclub Bayer Leverkusen e.V."]
[BlackTeam "Greifswalder SV"]
[WhiteTeamCountry "GER"]
[BlackTeamCountry "GER"]

1. e4 c5 2. Nf3 a6 3. c4 Nc6 4. Nc3 Nd4 5. d3 d6 6. Nxd4 cxd4 7. Ne2 e5 8. f4
f5 9. Ng3 fxe4 10. Nxe4 Nf6 11. Nxf6+ Qxf6 12. fxe5 dxe5 13. Qh5+ g6 14. Qg5
Bb4+ 15. Kd1 O-O 16. Qxf6 Rxf6 17. Be2 Bd7 18. Bf3 Bc6 19. Ke2 Re8 20. Bxc6
bxc6 21. Rf1 Rxf1 22. Kxf1 e4 23. Ke2 e3 24. a3 Bd6 25. g3 Rf8 26. Bxe3 Re8 0-1

[Event "Schachfestival 2014 - Senioren"]
[Site "Woerishofen Bad"]
[Date "2014.03.23"]
[Round "3.8"]
[White "Schmidt, Eugen"]
[Black "Maes, Valeer"]
[Result "1/2-1/2"]
[WhiteElo "1958"]
[BlackElo "2165"]
[PlyCount "48"]
[EventDate "2014.03.21"]
[EventType "swiss"]
[EventCountry "GER"]
[WhiteTeam "SF Oos e.V."]
[BlackTeam "KSK 47 Eynatten"]
[WhiteTeamCountry "GER"]
[BlackTeamCountry "BEL"]

1. e4 e6 2. d4 d5 3. Nd2 c5 4. exd5 exd5 5. Ngf3 Nc6 6. dxc5 Bxc5 7. Nb3 Bd6 8.
c3 Nge7 9. Be2 O-O 10. O-O Re8 11. Bg5 Qc7 12. Bh4 Nf5 13. Bg3 Nxg3 14. fxg3
Bg4 15. Qd2 g6 16. Rae1 Rad8 17. Ng5 Bxe2 18. Rxe2 Rxe2 19. Qxe2 Ne5 20. Nf3
Qc4 21. Qe3 Nxf3+ 22. Qxf3 Rd7 23. Rd1 Bc7 24. h3 Bb6+ 1/2-1/2

[Event "Schachfestival 2014 - Senioren"]
[Site "Woerishofen Bad"]
[Date "2014.03.23"]
[Round "3.1"]
[White "Eichler, Gottfried"]
[Black "Baum, Bernd"]
[Result "0-1"]
[WhiteElo "2030"]
[BlackElo "2302"]
[PlyCount "90"]
[EventDate "2014.03.21"]
[EventType "swiss"]
[EventCountry "GER"]
[WhiteTeam "MTV Dannenberg"]
[BlackTeam "SV Empor Erfurt"]
[WhiteTeamCountry "GER"]
[BlackTeamCountry "GER"]

1. d4 d5 2. Nf3 Nf6 3. e3 g6 4. c4 Bg7 5. cxd5 O-O 6. Nc3 Nxd5 7. Qb3 Nb6 8.
Be2 N8d7 9. O-O e5 10. Nxe5 Nxe5 11. dxe5 Bxe5 12. Bf3 c6 13. Rd1 Qe7 14. e4
Be6 15. Qc2 Rfd8 16. Be3 Nc4 17. Bc1 Rxd1+ 18. Nxd1 Rd8 19. Rb1 Qb4 20. Nc3 Rd7
21. g3 Na3 22. bxa3 Qxc3 23. Qxc3 Bxc3 24. Be3 Bxa2 25. Rc1 Bd4 26. Rd1 c5 27.
Bg4 Be6 28. Bxe6 fxe6 29. Kf1 Kf7 30. a4 e5 31. Ke2 Ke6 32. Rc1 b6 33. Rc2 a6
34. f4 Kd6 35. g4 exf4 36. Bxf4+ Kc6 37. h4 b5 38. axb5+ axb5 39. Bd2 Rf7 40.
Ra2 b4 41. Kd3 Kb5 42. Ra8 Rf3+ 43. Ke2 Rf2+ 44. Ke1 Rf7 45. Rb8+ Kc4 0-1

[Event "Schachfestival 2014 - Senioren"]
[Site "Woerishofen Bad"]
[Date "2014.03.23"]
[Round "3.15"]
[White "Schmidt, Wolfgang"]
[Black "Krotofil, Kurt"]
[Result "1/2-1/2"]
[WhiteElo "2080"]
[BlackElo "1914"]
[PlyCount "41"]
[EventDate "2014.03.21"]
[EventType "swiss"]
[EventCountry "GER"]
[WhiteTeam "SC Emmendingen 1937 e.V."]
[BlackTeam "Niendorfer TSV 1919 SAbt"]
[WhiteTeamCountry "GER"]
[BlackTeamCountry "GER"]

1. e4 c5 2. Nf3 Nc6 3. d4 cxd4 4. Nxd4 Nf6 5. Nc3 e5 6. Ndb5 d6 7. Bg5 a6 8.
Na3 b5 9. Bxf6 gxf6 10. Nd5 f5 11. c3 Bg7 12. exf5 Bxf5 13. Nc2 O-O 14. Nce3
Be6 15. Bd3 f5 16. Bc2 e4 17. Nf4 Bd7 18. Qxd6 Be5 19. Qh6 Rf6 20. Qg5+ Kh8 21.
Rd1 1/2-1/2

[Event "Schachfestival 2014 - Senioren"]
[Site "Woerishofen Bad"]
[Date "2014.03.23"]
[Round "3.42"]
[White "Jaeger, Erich"]
[Black "Blosze, Winfried"]
[Result "1-0"]
[WhiteElo "1963"]
[BlackElo "1857"]
[PlyCount "55"]
[EventDate "2014.03.21"]
[EventType "swiss"]
[EventCountry "GER"]
[WhiteTeam "PTSV Neustadt"]
[BlackTeam "SV Königsspringer 1929 Grossauheim"]
[WhiteTeamCountry "GER"]
[BlackTeamCountry "GER"]

1. Nf3 Nf6 2. c4 g6 3. Nc3 Bg7 4. d4 d5 5. cxd5 Nxd5 6. g3 Nxc3 7. bxc3 O-O 8.
Bg2 c5 9. e3 Nc6 10. O-O Qc7 11. Bd2 Rd8 12. Rc1 Be6 13. Qa4 Rd7 14. Ng5 Qd6
15. Nxe6 Qxe6 16. d5 Rxd5 17. Bxd5 Qxd5 18. Rfd1 Qf5 19. Qf4 Qe6 20. c4 Ne5 21.
Bc3 g5 22. Qe4 Rb8 23. Bxe5 Bxe5 24. Rd5 f6 25. Rcd1 Qb6 26. f4 gxf4 27. gxf4
Bd6 28. Rh5 1-0

[Event "Schachfestival 2014 - Senioren"]
[Site "Woerishofen Bad"]
[Date "2014.03.23"]
[Round "3.26"]
[White "Paulsen, Eckart"]
[Black "Oud, Niek"]
[Result "1/2-1/2"]
[WhiteElo "1856"]
[BlackElo "2000"]
[PlyCount "39"]
[EventDate "2014.03.21"]
[EventType "swiss"]
[EventCountry "GER"]
[WhiteTeam "Post SV Neustadt"]
[BlackTeam "VAS"]
[WhiteTeamCountry "GER"]
[BlackTeamCountry "NED"]

1. d4 d5 2. Bf4 Nf6 3. e3 e6 4. Nd2 Be7 5. Bd3 O-O 6. Ngf3 b6 7. O-O Bb7 8. h3
Nbd7 9. Qe2 Ne4 10. Ne5 c5 11. c3 f6 12. Nxd7 Qxd7 13. f3 Nxd2 14. Qxd2 Bd6 15.
Bxd6 Qxd6 16. f4 a5 17. Qe2 e5 18. fxe5 fxe5 19. Rxf8+ Rxf8 20. Rf1 1/2-1/2

[Event "Schachfestival 2014 - Senioren"]
[Site "Woerishofen Bad"]
[Date "2014.03.23"]
[Round "3.49"]
[White "Bretscher, Robert"]
[Black "Kreie, Guenther"]
[Result "1/2-1/2"]
[WhiteElo "1631"]
[BlackElo "1939"]
[PlyCount "87"]
[EventDate "2014.03.21"]
[EventType "swiss"]
[EventCountry "GER"]
[WhiteTeam "Roche Basel"]
[BlackTeam "Turn- u. Sportverein Eichholz-Re"]
[WhiteTeamCountry "SUI"]
[BlackTeamCountry "GER"]

1. e4 e5 2. Nf3 Nc6 3. Bb5 a6 4. Ba4 Nf6 5. d3 b5 6. Bb3 Be7 7. Nc3 O-O 8. O-O
d6 9. Nd5 Na5 10. Nxf6+ Bxf6 11. c3 Nxb3 12. Qxb3 Be6 13. Qc2 d5 14. Re1 dxe4
15. dxe4 Bg4 16. Nd2 Bh4 17. Nf1 Qe7 18. Ne3 Be6 19. Nf5 Bxf5 20. exf5 Rad8 21.
Bf4 Bf6 22. g4 Qc5 23. Be3 Qc4 24. h3 h6 25. a3 Rd3 26. Rad1 Rfd8 27. Rxd3 Qxd3
28. Qxd3 Rxd3 29. Re2 e4 30. Kg2 Rd8 31. Rd2 Rxd2 32. Bxd2 c5 33. Bc1 a5 34.
Kf1 Kf8 35. Ke2 Ke7 36. Be3 Kd6 37. Kd2 Kd5 38. Kc2 Bg5 39. b3 Be7 40. a4 bxa4
41. c4+ Kc6 42. bxa4 Bf6 43. Kd2 Be5 44. Ke2 1/2-1/2

[Event "Schachfestival 2014 - Senioren"]
[Site "Woerishofen Bad"]
[Date "2014.03.23"]
[Round "3.32"]
[White "Storkebaum, Karl Heinrich"]
[Black "Rothenhagen, Siegfried"]
[Result "1-0"]
[WhiteElo "1959"]
[BlackElo "1816"]
[PlyCount "69"]
[EventDate "2014.03.21"]
[EventType "swiss"]
[EventCountry "GER"]
[WhiteTeam "SAbt TEC Darmstadt"]
[BlackTeam "SC Ammersee"]
[WhiteTeamCountry "GER"]
[BlackTeamCountry "GER"]

1. d4 Nf6 2. c4 e5 3. dxe5 Ng4 4. e4 Nxe5 5. f4 Ng6 6. Be3 Bb4+ 7. Nd2 O-O 8.
a3 Bxd2+ 9. Qxd2 b6 10. O-O-O Bb7 11. Bd3 d6 12. Nf3 Nc6 13. h4 Na5 14. Kb1 Re8
15. h5 Ne7 16. Qc2 h6 17. Rde1 Nac6 18. g4 f6 19. g5 fxg5 20. fxg5 hxg5 21.
Bxg5 Ne5 22. Nxe5 dxe5 23. h6 Qd6 24. hxg7 Ng6 25. Rh6 Kxg7 26. Reh1 Rh8 27.
Be2 Qd4 28. Bf3 Rxh6 29. Bxh6+ Kf6 30. Rd1 Qc5 31. Qg2 Bc8 32. Qg5+ Kf7 33. Bh5
Qc6 34. Rf1+ Kg8 35. Bxg6 1-0

[Event "Schachfestival 2014 - Senioren"]
[Site "Woerishofen Bad"]
[Date "2014.03.23"]
[Round "3.30"]
[White "Klein, Reinhard"]
[Black "Mahrla, Hans"]
[Result "1-0"]
[WhiteElo "1927"]
[BlackElo "1842"]
[PlyCount "89"]
[EventDate "2014.03.21"]
[EventType "swiss"]
[EventCountry "GER"]
[WhiteTeam "SC Roter Turm Altstadt"]
[BlackTeam "SC Eichenau"]
[WhiteTeamCountry "GER"]
[BlackTeamCountry "GER"]

1. d4 Nf6 2. Nf3 d5 3. c4 e6 4. Bg5 Be7 5. Nc3 a6 6. e3 dxc4 7. Bxc4 b5 8. Bxf6
Bxf6 9. Bd3 Bb7 10. O-O Nd7 11. Ne4 Be7 12. Rc1 Rc8 13. Qe2 c5 14. dxc5 Nxc5
15. Nxc5 Bxc5 16. Rfd1 Qa5 17. a3 Be7 18. Rxc8+ Bxc8 19. Qc2 O-O 20. Bxh7+ Kh8
21. Be4 Qb6 22. Ne5 Bd6 23. Nxf7+ Rxf7 24. Qxc8+ Rf8 25. Qc6 Qxc6 26. Bxc6 Rd8
27. f4 g5 28. g3 gxf4 29. gxf4 Kg7 30. b4 e5 31. f5 Kf6 32. e4 Bc5+ 33. bxc5
Rxd1+ 34. Kf2 Rc1 35. a4 bxa4 36. Bxa4 Rxc5 37. Ke3 Rc3+ 38. Kd2 Ra3 39. Bc6
Ra2+ 40. Kc3 Rxh2 41. Kb4 Ra2 42. Kb3 Ra5 43. Bd5 Ra1 44. Kb4 Ra2 45. Bxa2 1-0